000 00693nam a2200289Ia 4500
005 20260324134053.0
008 008 260324s9999 xx 000 0 eng d
020 _a9781315375922
037 _aEBOOK
040 _aCRL
040 _beng
040 _cCRL
041 _2eng
041 _aeng
084 _qCRL
100 _aLewis Walker
_91195460
245 0 _aConsulting with NLP
245 0 _bNeuro-Linguistic Programming in the Medical Consultation
260 _bTaylor and Francis
260 _c2002
365 _a
365 _b310
856 _uhttp://www.taylorfrancis.com/books/9781315375922
942 _cEBOOK
999 _c1795140
_d1795140